Foot : Les 5 meilleurs buteurs des 9 meilleurs nations de l'Euro 2024 - Statistiques

Statistiques générales
  • Ce quiz a été pris 313 fois
  • Le résultat moyen est 20 sur 45
Statistiques - réponses
Pays Nombre de but Réponse % Correct
France 48 Kylian Mbappe
97%
France 57 Olivier Giroud
97%
France 51 Thierry Henry
93%
France 44 Antoine Griezmann
90%
Angleterre 63 Harry Kane
88%
Portugal 130 Cristiano Ronaldo
84%
France 41 Michel Platini
82%
Allemagne 68 Gerd Muller
79%
Belgique 85 Romelu Lukaku
78%
Angleterre 53 Wayne Rooney
73%
Espagne 59 David Villa
71%
Belgique 33 Eden Hazard
68%
Espagne 38 Fernando Torres
66%
Allemagne 71 Miroslav Klose
65%
Portugal 41 Eusebio
56%
Pays-Bas 50 Robin Van Persie
56%
Portugal 32 Luis Figo
52%
Italie 27 Alessandro Del Piero
51%
Croatie 33 Mario Mandzukic
51%
Espagne 36 Alvaro Morata
50%
Espagne 44 Raul
49%
Pays-Bas 37 Arjen Robben
44%
Croatie 45 Davor Šuker
44%
Pays-Bas 45 Memphis Depay
43%
Croatie 33 Ivan Perisic
41%
Angleterre 49 Bobby Charlton
40%
Portugal 47 Pauleta
34%
Italie 27 Roberto Baggio
34%
Portugal 29 Nuno Gomes
33%
Angleterre 48 Gary Lineker
29%
Espagne 35 David Silva
28%
Croatie 28 Andrej Kramaric
24%
Allemagne 49 Lukas Podolski
16%
Pays-Bas 40 Patrick Kluivert
15%
Allemagne 47 Rudi Voller
15%
Italie 33 Giuseppe Meazza
13%
Pays-Bas 42 Klaas-Jan Huntelaar
13%
Allemagne 47 Jürgen Klinsmann
12%
Italie 35 Luigi Riva
8%
Belgique 29 Marc Wilmots
7%
Angleterre 44 James Peter Greaves
3%
Italie 30 Silvio Piola
3%
Belgique 30 Paul Van Himst
1%
Belgique 30 Bernard Voorhoof
0%
Croatie 29 Eduardo da Silva
0%
Aucun quiz correspondant
Distribution des résultats
% des personnes avec chaque résultat
Percentile par nombre de réponses
Votre historique - résultats
Vous n’avez pas pris ce quiz